| 000 | 01108nam a2200277 4500 | ||
|---|---|---|---|
| 001 | 13396 | ||
| 003 | HDC | ||
| 007 | cr bn ---aaaaa | ||
| 008 | 210208c2016 dr|noo 0 a may d | ||
| 040 | _aHDC | ||
| 100 |
_aCayon, Manuel, _eauthor _914223 |
||
| 245 | 0 |
_aD.O.T. promotes halal food prep as more firms await certification / _cManuel Cayon |
|
| 260 |
_a[no place] : _bBusiness Mirror _c2016 |
||
| 336 |
_atext _2rdacontent |
||
| 337 |
_acomputer _2rdamedia |
||
| 338 |
_aonline resource _2rdacarrier |
||
| 650 |
_aFood _xReligious aspects _xIslam _9239 |
||
| 650 |
_aHalal food _xCertified _914224 |
||
| 650 |
_apromoting halal _912390 |
||
| 710 |
_aBusiness Mirror, _eissuing body |
||
| 856 | _zRequest full-text at [email protected] | ||
| 856 | _zRequest full-text at [email protected] | ||
| 942 | _2lcc | ||
| 942 | _cNEWS | ||
| 942 | _kNWSO 004031 | ||
| 999 |
_c10712 _d10712 |
||